Public opinion, ideology and state welfare /
Enregistré dans:
| Auteur principal: | |
|---|---|
| Format: | Inconnue |
| Langue: | English |
| Publié: |
Inglaterra :
Routledge & Kegan Paul
|
| Collection: | Radical Social Policy Series
|
| Tags: |
Ajouter un tag
Pas de tags, Soyez le premier à ajouter un tag!
|
MARC
| LEADER | 00000 a2200000 04500 | ||
|---|---|---|---|
| 001 | 49272 | ||
| 003 | cru CIDCACS/IIS | ||
| 005 | 20170529140647.0 | ||
| 008 | 050607s1985 enk eng d | ||
| 020 | |a 0-7100-9968-1 | ||
| 040 | |c cru CIDCACS/IIS | ||
| 090 | |a 05.03.02 T238p | ||
| 100 | |a Taylor-Gooby, Peter | ||
| 245 | |a Public opinion, ideology and state welfare / |c Peter Taylor-Gooby | ||
| 260 | |a Inglaterra : |b Routledge & Kegan Paul | ||
| 300 | |a 157 páginas : |b tablas | ||
| 440 | |a Radical Social Policy Series | ||
| 942 | |2 ddc |c LI | ||
| 999 | |c 10844 |d 10844 | ||



